000 00785cam a2200253 4500
008 090401t1992 xxu||||| |||| 00| 0 eng d
020 _a0747411492
035 _a(Sirsi) u42175
041 _aeng
050 _a658
110 _aErnst and Young
_93056
245 4 _aThe manager`s handbook: the practical guide to successful management.
250 _aRevised ed.
260 _aLondon
_bSphere Books Limited
_c1992
300 _a224p. : ill. ; 21cm.
350 _a0
520 _aSponsored by the RICS Land and Hydrographic Survey Division.
650 _aLAND AND HYDROGRAPHIC SURVEY DIVISION
650 _aMANAGERS HANDBOOK
690 _aMANAGEMENT-BUSINESS MANAGEMENT-PROFESSIONAL PRACTICE
700 _aHunningher, Erica
_xEditor
942 _n0
948 _c04/03/1997
999 _c91031
_d91031